Movies Quiz

Random Movies Quiz
Score 0/14 Timer 01:30
0 Plays Today
Question Right Answer % Correct
????
81.7%
????
76.9%
????
74.6%
????
71.9%
????
71.9%
????
71.2%
????
69.7%
Question Right Answer % Correct
????
47%
????
41.4%
????
23.9%
????
23.1%
????
21.3%
????
20.1%
????
15.8%

You're not logged in!

Compare scores with friends on all Sporcle quizzes.
OR
Log In

Sporcle TV

Today on Sporcle TV


Watch our educational content, quiz creation guides, and fun videos on Sporcle TV.

Show Comments

Extras

Created Sep 25, 2013ReportNominate

Top Quizzes Today


Score Distribution

Paid Content

Your Account Isn't Verified!

In order to create a playlist on Sporcle, you need to verify the email address you used during registration. Go to your Sporcle Settings to finish the process.

Report this User

Report this user for behavior that violates our Community Guidelines.

Details: